[Event "Balatonbereny op"]
[Site "Balatonbereny"]
[Date "1997.??.??"]
[Round "3"]
[White "Soponyai, Tamas"]
[Black "Szalanczy, Emil"]
[Result "0-1"]
[WhiteElo "2150"]
[BlackElo "2410"]
[PlyCount "72"]
[EventDate "1997.??.??"]
[EventType "swiss"]
[EventRounds "9"]
[EventCountry "HUN"]
[SourceTitle "EXT 2001"]
[Source "ChessBase"]
[SourceDate "2000.11.22"]
[SourceVersion "1"]
[SourceVersionDate "2000.11.22"]
[SourceQuality "1"]

1. d4 c5 2. d5 e6 3. c4 exd5 4. cxd5 d6 5. Nc3 g6 6. Nf3 Bg7 7. e4 a6 8. a4 Bg4 9. Be2 Bxf3 10. Bxf3 Nd7 11. 0-0 Ne7 12. Re1 0-0 13. Be2 f5 14. Bf1 f4 15. Ra3 Ne5 16. Nb1 g5 17. Nd2 N7g6 18. Be2 Qd7 19. a5 g4 20. f3 h5 21. Kh1 Rf7 22. Rf1 Raf8 23. Rb3 Bf6 24. Ra3 Rg7 25. Nc4 Nxc4 26. Bxc4 Be5 27. Rd3 Nh4 28. fxg4 hxg4 29. g3 Nf3 30. gxf4 Bxf4 31. Bxf4 Rxf4 32. Re3 Qe7 33. Qd3 Qh4 34. Re2 Rh7 35. Rff2 Ne5 36. Qe3 Rf3 0-1